Copyright for archivists and users of archives (Record no. 42408)

MARC details
000 -LEADER
fixed length control field 00356nam a2200133Ia 4500
082 ## - DEWEY DECIMAL CLASSIFICATION NUMBER
Classification number 347.78
Item number PAD
100 ## - MAIN ENTRY--AUTHOR NAME
Personal name Padfield
245 #0 - TITLE STATEMENT
Title Copyright for archivists and users of archives
250 ## - EDITION STATEMENT
Edition statement Ed.2
260 ## - PUBLICATION, DISTRIBUTION, ETC. (IMPRINT)
Place of publication London
Name of publisher Facet Publishing
Year of publication 2004
650 ## - SUBJECT ADDED ENTRY--TOPICAL TERM
Topical Term Intellectual property rights
942 ## - ADDED ENTRY ELEMENTS (KOHA)
Koha item type Books
Holdings
Withdrawn status Lost status Damaged status Not for loan Home library Current library Date acquired Full call number Accession Number Koha item type
        RRII Library RRII Library 16/12/2021 347.78 PAD 22680 Books